| 000 | 00788nam a2200229 i 4500 | ||
|---|---|---|---|
| 001 | 11050 | ||
| 003 | ES-MaACL | ||
| 005 | 20231229063002.0 | ||
| 007 | t| | ||
| 008 | 921211s1984 sp ae |||| | spa d | ||
| 020 | _a84-505-0115-6 | ||
| 080 | _a78:061.7(460.357 G.)(091) | ||
| 100 | 1 |
_aFernández-Cid, Antonio, _d1916-1995 _949578 |
|
| 245 | 1 | 0 |
_aGranada _b: historia de un festival / _cAntonio Fernández-Cid. |
| 260 |
_aMadrid : _bDirección General de Música y Teatro, _c[1984] |
||
| 300 |
_a225 p : _bil. col. y n., plan. ; _c31 cm. |
||
| 500 | _aÍndices. | ||
| 710 | 1 |
_aEspaña. _bDirección General de Música y Teatro. _93760 |
|
| 711 | 2 |
_aFestival Internacional de Música y Danza de Granada. _9163321 |
|
| 852 |
_aES-MaACL _jL-18424 |
||
| 999 |
_c11050 _d11050 |
||